00706nam a2200253 a 4500001001300000003000900013005001700022008004100039020001000080082001600090100002500106245003400131260003200165300000900197500003500206505002700241650001100268650002300279700002500302902000800327942000700335952009500342999001500437nice12345678IN_TiNIC20260116011516.0050524s1926 kana grp 000 0 urd  ac10000a297.4bKHA4 aKhan, Muhammad Zaman aHal-Al-aweesi Sharhut Talkhis aKanpurbQaiyoom Pressc1926 a109p aincludes index and biblioraphy2 a3 vols. bound together aSufism aPhilosophy-Islamic1 aKhan, Muhammad Zaman bRBA cBK 00104070aHMIbHMId2007-09-13g100.00l0o297.4 KHA4p4743r2007-09-13w2026-01-16yEB c2167d2167